| 000 | 00754nam a2200217 a 4500 | ||
|---|---|---|---|
| 001 | 000026577 | ||
| 005 | 20200930030309.0 | ||
| 008 | 110323s2005 dr 000 0 spa d | ||
| 040 |
_aDO-SdBNP _bspa _cBNPHU |
||
| 082 |
_a291.2 _bS211p |
||
| 100 | 1 |
_aSánchez, Genis M. _953678 |
|
| 245 | 1 | 0 |
_aPaganismo, religión o cristianismo / _cGenis M. Sánchez. |
| 260 |
_aSanto Domingo : _e[Talleres Powergraph] _c2005. |
||
| 300 |
_a179 p. ; _c21 cm. |
||
| 504 | _aBibliografía: (p. 179) | ||
| 650 | 4 |
_aTeologia _vENSAYOS, CONFERENCIAS, ETC. _953679 |
|
| 650 | 4 |
_aReligiones _vENSAYOS, CONFERENCIAS, ETC. _953680 |
|
| 650 | 4 |
_aCristianismo y otras religiones _vENSAYOS, CONFERENCIAS, ETC. _953681 |
|
| 910 | _aValidado. Control de calidad EMS | ||
| 049 | _aBNPD | ||
| 999 |
_c26069 _d26069 |
||